000 00437nam a22001337a 4500
040 _cNUST
082 _a220 PRO
100 _aAli Hammad Kanza Fatima Ahmad
_9119592
110 _aSupervisor Kamran Aziz Bhatti C0-Supervisor Dr. Sajid Gul Khwaja
_9119593
245 _aPR-SOF-2246-Zynq-Based Smart Camera With Read Time Dehazing
260 _aISLAMABAD:
_bNUST COLLEGE OF EME,
_c2023.
650 _aDE-ELECT-41
_9119586
942 _2ddc
_cPR
999 _c607265
_d607265